000 00957nam a22002777a 4500
001 BR0001246
003 BR-BrBNA
005 20230928100605.0
007 ta
008 230509b bl.||||| |||| 00| 0 por d
040 _aBR-BrBNA
_bpor
_cBiblioteca Nacional de Agricultura
041 _a(Por)
072 _aE14; E40
090 _ E14 BR0001246
110 1 _aProjeto Novas Fronteiras da Cooperacao para o Desenvolvimento Sustentavel, Brasilia, DF (Brasil)
_98083
110 1 _aOrganizacao das Cooperativas do Estado do Rio Grande do Sul, Porto Alegre (Brasil)
_97730
245 1 _aPlano de reestruturacao e fortalecimento do cooperativismo gaucho; gestao estrategica nos sistemas cooperativistas
260 3 _aBrasilia, DF (Brasil):
_c[nd].
300 _a22 p.
500 _a16 illus.
650 _aCooperativismo
650 _aProjeto de Desenvolvimento
650 _aRio Grande do Sul
909 _a202309
_bLucia
_c55
_dLucia Elande
942 _cBK
999 _c61945
_d61945